000 00370 a2200169 4500
001 190219
020 _a85-08-06926-X
040 _cMagnum
100 _aOrthof, Sylvia
240 1 0 _aAs visitas de dona zefa
_lpor
245 1 0 _aAs visitas de dona zefa
300 _a39
362 0 _a2002
440 1 _aÁtica
697 _aLITERATURA INFANTO-JUVENIL
942 _cBK
999 _c190219
_d190219